000 00627nam a22002177a 4500
003 OSt
005 20251022140154.0
008 251022b |||||||| |||| 00| 0 eng d
020 _a9781119805373
040 _cDDC
082 _a658.404 KER 2022
100 _aKerzner, Harold
_95426
245 _aProject Management : a systems approach to planning, scheduling, and controlling
250 _aInter ed.
260 _aNew Jersey; John Wiley, 2022
300 _axxiii,814p.; Col.ill: 32.5cm
504 _aIndex included
650 _aProject management
_95305
650 _aProject planning
_919484
942 _2ddc
_cO_SHELF
999 _c9579
_d9579